01429cam a22003737a 4500003000500000005001700005008004100022010001000063011001000073035001000083040000900093090001000102100004500112245012400157260004000281300001800321502005000339590003700389590004100426590004100467590004100508590004100549590004100590590004100631590004100672590004200713650004400755650006000799901000700859942001000866949003500876999001700911952012700928CHAP20220329135130.0971013s1943 r 00010 d a31425 a32397 a36512 cCHAP aTesis00aMartínez, Ponciano Sebastián.972698 0aEstudio y planeación de la distribución local de aguas en la Unidad No. 4. del Distrito de Riego de "El Lerma" Gto. aChapingo, Méx. :bEl autor,c1943 a85 h.b: ilus aTesis (Ing. Agr. Esp. en Irrigación) -- ENA aALEPHb10c20130110lUCH01h1253 aBATCH-UPDb10c20130109lUCH01h2317 aBATCH-UPDb10c20130110lUCH01h0144 aBATCH-UPDb10c20130409lUCH01h1838 aBATCH-UPDb10c20130409lUCH01h2143 aBATCH-UPDb10c20130410lUCH01h1616 aBATCH-UPDb10c20130913lUCH01h2240 aBATCH-UPDb10c20130914lUCH01h1737 aCONVERSIONb10c20130109lUCH01h131814aAguaxDistribuciónxGuanajuato.9236714aDistrito de Riego Alto Río Lerma, Gto. y Mich.932841 aBK cTESIS bBCcTESd-84205eTS1i36512si c31425d31425 00102local4051708TESISaBCbBCcPA_TESISd2012-12-17fTESISl0oTesisp-84205r2019-12-31 00:00:00w2019-12-31yTESIS